| 000 | 00000nam##2200000za#4500 |
| 001 | 9.624351 |
| 003 | CaOODSP |
| 005 | 20200327180432 |
| 007 | ta |
| 008 | 150406|1996||||xxc||||| f|0| 0 fre|d |
| 020 | |a0-662-82083-5 |
| 040 | |aCaOODSP|bfre |
| 043 | |an-cn--- |
| 086 | 1 |aF21-4/96-3F |
| 110 | 1 |aCanada. |bMinistère des finances. |
| 245 | 10|aPolitique fiscale et création d'emplois : |bprogrammes de stimulation de l'emploi / |cpar Ben Cherniavsky. |
| 260 | |aOttawa - Ontario : |bFinances Canada |c1996. |
| 300 | |a32p. : |btableau ; |c28 cm. |
| 490 | 1 |aDocument de travail|v96-3 |
| 500 | |a«Le présent document propose un survol de certains articles sélectionnés dans la littérature publiée ces vingt dernières années au sujet des mesures fiscales de stimulation de l'emploi et d'encouragement à l'embauche de groupes précis. S'il traite plus particulièrement de l'expérience canadienne, il présente certains programmes mis en oeuvre aux États-Unis. A partir des documents analysés, il propose des conclusions générales quant à l'efficacité des crédits d'impôt marginaux à l'emploi et des mesures ciblées d'encouragement à l'embauche.»--Résumé. |
| 504 | |aBibliographie. |
| 520 | 3 |aLe présent document propose un survol de certains articles sélectionnés dans la littérature publiée ces vingt dernières années au sujet des mesures fiscales de stimulation de l'emploi et d'encouragement à l'embauche de groupes précis. S'il traite plus particulièrement de l'expérience canadienne, il présente certains programmes mis en oeuvre aux États-Unis. A partir des documents analysés, il propose des conclusions générales quant à l'efficacité des crédits d'impôt marginaux à l'emploi et des mesures ciblées d'encouragement à l'embauche.--Résumé |
| 563 | |aCouverture souple |
| 590 | |a97-18|b1997-05-02 |
| 691 | 07|aCréation d'emploi|2gcpds |
| 691 | 07|aProgramme fédéral|2gcpds |
| 691 | 07|aCrédit d'impôt|2gcpds |
| 720 | 1 |aCherniavsky, Ben |
| 775 | 08|tTax policy and job creation : |w(CaOODSP)9.613804 |
| 776 | 0#|tPolitique fiscale et création d'emplois : |w(CaOODSP)9.602711 |
| 830 | #0|aDocument de travail ;|v96-3|w(CaOODSP)9.513002 |